000 00480nam a2200181 i 4500
001 bgj
245 1 0 _aDie Antworten der Philosophie heute /
_chrsg. von Willy Hochkeppel ; mit Beiträgen von Wilhelm Essler.
260 _aMünchen :
_bSzczesny Verlag,
_ccop. 1967.
300 _a444 s. ;
_c21 cm.
504 _aIndeks.
650 9 _aFilozofia
040 _cBPK
041 0 _ager
044 _aDEU
080 _a1
942 _cKS
008 s gw f |000 0 ger
999 _c50728
_d50728
856 _uhttp://koha.tu.koszalin.pl/cgi-bin/koha/opac-detail.pl?biblionumber=50728
_yKatalog online BPK